000 00344nam a22001337a 4500
005 20250917142032.0
008 250917b |||||||| |||| 00| 0 eng d
050 _aPA3000
_bBAL
100 _a HONORE DE BALZAC
245 _aEUGENIE GRANDET
260 _aLONDON
_bDAVID CAMPELL PUBLISHERS LTD
_cc1994
300 _axxxv, 237p
942 _2lcc
_cBK
_n0
999 _c7578
_d7578